NEW YORK SEYİR DEFTERİ (Record no. 711510)
[ view plain ]
| 000 -LEADER | |
|---|---|
| sabit uzunluktaki kontrol alanı | 00247nam a2200097Ia 4500 |
| 001 - KONTROL NUMARASI | |
| kontrol alanı | 711510 |
| 005 - EN SON İŞLEMİN TARİH VE ZAMANI | |
| kontrol alanı | 20250826162809.0 |
| 008 - SABİT-UZUNLUKTA VERİ ÖĞELERİ--GENEL BİLGİ | |
| sabit uzunluktaki kontrol alanı | 250824s9999 xx 000 0 und d |
| 245 #0 - ESER / YAZAR | |
| ESER ADI | NEW YORK SEYİR DEFTERİ |
| Yazar Adı | BUKET UZUNER |
| 260 ## - YAYIN, DAĞITIM, VB. | |
| YAYIN EVİ | EVEREST YAYINLARI |
| Düşüm durumu | Kayıp durumu | Hasar Durumu | Ödünç verilmez | Ana kütüphane | Geçerli Kütüphane | Edinilen tarih | Toplam ödünç verme sayısı | Barkod | Son görüntüleme tarihi | Son ödünç verme tarihi | Fiyatın geçerli olmaya başladığı tarih | Koha materyal türü |
|---|---|---|---|---|---|---|---|---|---|---|---|---|
| SELÇUKLU FEN LİSESİ | SELÇUKLU FEN LİSESİ | 24.08.2025 | 1 | 1030138 | 16.12.2025 | 15.12.2025 | 26.08.2025 | Books |